000
00206 a2200097 4500
001
4871
100
_a
Price,W.J
245
_a
Nuclear radiation detection
260
_a
_b
Mcgrawhill
_c
090
_c
4062
_d
4062
942
_a
NUST-CAE
_c
M
_c
30337
999
_c
239944
_d
239944